banner koha

Energia: perspectivas brasileiras [Recurso energetico] (Registro n. 104427)

MARC details
000 -LÍDER
campo de controle de tamanho fixo 00844nas a2200301 4500
001 - NÚMERO DE CONTROLE
campo de controle BR8002806
003 - IDENTIFICADOR DO NÚMERO DE CONTROLE
campo de controle BR-BrBNA
005 - DATA E HORÁRIO DA ÚLTIMA TRANSAÇÃO
campo de controle 20231205084317.0
007 - CAMPO FIXO DE DESCRIÇÃO FÍSICA--INFORMAÇÃO GERAL
campo de controle de tamanho fixo ta
008 - CAMPO DE DADOS FIXOS--INFORMAÇÃO GERAL
campo de controle de tamanho fixo 230509b bl.|||p| |||| 00| 00por d
040 ## - FONTE DA CATALOGAÇÃO
Instituição da catalogação original BR-BrBNA
Idioma da catalogação por
Instituição que transcreveu o registro Biblioteca Nacional de Agricultura
041 ## - CÓDIGO DE IDIOMA
Código do idioma do texto/trilha sonora ou título diferente (Pt)
072 ## - CÓDIGO DE CATEGORIA DE ASSUNTO
Código de Categoria de Assunto P05
100 1# - ENTRADA PRINCIPAL--NOME PESSOAL
Nome pessoal Leitao, D.M.
245 1# - TÍTULO
Título Energia: perspectivas brasileiras [Recurso energetico]
Restante do título pt. 1
650 ## - ASSUNTO--TERMO TÓPICO
Cabeçalho tópico ou nome geográfico Recurso energetico
650 ## - ASSUNTO--TERMO TÓPICO
Cabeçalho tópico ou nome geográfico Energia
650 ## - ASSUNTO--TERMO TÓPICO
Cabeçalho tópico ou nome geográfico Carvao mineral
650 ## - ASSUNTO--TERMO TÓPICO
Cabeçalho tópico ou nome geográfico Petroleo
650 ## - ASSUNTO--TERMO TÓPICO
Cabeçalho tópico ou nome geográfico Gasolina
650 ## - ASSUNTO--TERMO TÓPICO
Cabeçalho tópico ou nome geográfico Biomassa
650 ## - ASSUNTO--TERMO TÓPICO
Cabeçalho tópico ou nome geográfico Combustivel
650 ## - ASSUNTO--TERMO TÓPICO
Cabeçalho tópico ou nome geográfico Energia nuclear
650 ## - ASSUNTO--TERMO TÓPICO
Cabeçalho tópico ou nome geográfico Energia hidraulica
773 0# - ENTRADA ANALÍTICA
Título Brasil Acucareiro (Brazil)
ISSN - International Standard Serial Number ISSN 0006-9167
Partes relacionadas (Oct 1980), v. 96(4) p. 6-24
Número de controle do registro BR8002806
909 ## -
-- 202311
-- Lúcia
-- 55
-- Lúcia Elande
942 ## - ELEMENTOS DE ENTRADA ADICIONADOS (KOHA)
Fonte da classificação ou esquema de arquivamento na estante Classificação AGRIS
Ocultar no OPAC Não
Tipo de material Koha Analítica
Exemplares
Situação do descarte Fonte da classificação ou esquema de arquivamento na estante Situação física Não pode ser emprestado Biblioteca de origem Biblioteca atual Localização na estante Enumeração do periódico / cronologia Total de empréstimos Data de último acesso Número do exemplar Tipo de material Koha Fonte de aquisição
  Classificação AGRIS   Consulta local Biblioteca Nacional de Agricultura - Binagri Biblioteca Nacional de Agricultura - Binagri   (Oct 1980), v. 96(4) p. 6-24   29/11/2023 01 Periódicos Portaria Interministerial nº 164/94

BINAGRI

Telefone: (61)3218-2567/2388/3357/2097 - binagri@agro.gov.br

Ministério da Agricultura e Pecuária , Esplanada dos Ministérios, Bloco D, Anexo B, Brasília/DF, CEP: 70.043-900